Statistics for African Countries by a Single Clue

Click here to take the quiz!

General Stats

  • This quiz has been taken 10,733 times
    (10,665 since last reset)
  • The average score is 15 of 20

Answer Stats

Hint Answer % Correct
The last country alphabeticallyZimbabwe
97%
You'll find the Cape of Good Hope hereSouth Africa
94%
Ethiopia became landlocked when this country gain independence in 1991Eritrea
90%
The largest country in Africa by areaAlgeria
90%
The most recent country to gain independenceSouth Sudan
89%
This country's film industry is known as "Nollywood"Nigeria
87%
This country claims Western SaharaMorocco
87%
It is surrounded on all sides by another countryLesotho
85%
The only place where lemurs live in the wildMadagascar
85%
The island of Zanzibar is part of this countryTanzania
83%
Formerly known as ZaireD.R. Congo
79%
Where the White and Blue Nile meetSudan
77%
This country is mainly composed of two islands in the Gulf of GuineaSão Tomé and Príncipe
75%
Timbuktu is located in this countryMali
66%
This used to be a major Portuguese territory on the Indian OceanMozambique
57%
The majority of the Kalahari desert is located in this countryBotswana
56%
The only Spanish speaking country in AfricaEquatorial Guinea
49%
Has the highest birth rate in the worldNiger
46%
The Statue of Liberty was originally proposed to this countryEgypt
42%
Shares its name with a shallow lake that was once the 4th largest in AfricaChad
35%

Score Distribution

Percentile by Number Answered

Percent of People with Each Score

Your Score History

You have not taken this quiz since the last reset